|
|
|
|
| LEADER |
01411nam a2200313 a 4500 |
| 001 |
OCM60581013 |
| 003 |
BD-DhAAL |
| 005 |
20230322132111.0 |
| 008 |
091209s2005 dcuab b 001 0 eng d |
| 020 |
|
|
|a 082136071x
|
| 040 |
|
|
|a JQJ
|c JQJ
|d UtOrBLW
|d BD-DhAAL
|
| 082 |
0 |
4 |
|a 338.9021
|2 22
|
| 245 |
0 |
0 |
|a World Development Indicators 2005 /
|c The World Bank
|
| 246 |
3 |
|
|a World development indicators, 2005.
|
| 260 |
|
|
|a Washington, D.C. :
|b World Bank,
|c 2005.
|
| 300 |
|
|
|a xxv, 403 pages :
|b ill., tables, maps ;
|c 28 cm.
|
| 504 |
|
|
|a Includes bibliographical references (p. 384-389) and index.
|
| 505 |
0 |
|
|a World view -- People -- Environment -- Economy -- States and markets -- Global links.
|
| 541 |
1 |
|
|a Akbar Ali Khan Collection
|e 00013298, 41005
|
| 650 |
|
0 |
|a Economic development
|v Statistics.
|9 53912
|
| 650 |
|
0 |
|a Economic indicators.
|
| 650 |
|
0 |
|a Developing countries
|x Economic conditions
|v Statistics.
|9 53913
|
| 651 |
|
0 |
|a Social indicators.
|9 53914
|
| 710 |
2 |
|
|a World Bank
|
| 852 |
4 |
|
|a Ayesha Abed Library
|j General shelf
|
| 942 |
|
|
|2 ddc
|c BK
|
| 999 |
|
|
|c 6118
|d 6118
|
| 952 |
|
|
|0 0
|1 0
|2 ddc
|4 0
|6 338_902100000000000_WOR
|7 0
|9 6106
|a BRACUL
|b BRACUL
|c GEN
|d 2009-12-15
|g 5136.21
|l 0
|o 338.9021 WOR
|p 3010013298
|r 2009-12-15
|t 1
|w 2009-12-15
|y BK
|x 60.00
|
| 952 |
|
|
|0 0
|1 0
|2 ddc
|4 0
|6 338_902100000000000_WOR
|7 1
|9 73441
|a BRACUL
|b BRACUL
|c AAKC
|d 2023-03-22
|g 5136.21
|l 0
|o 338.9021 WOR
|p 3010041005
|r 2023-03-22
|t 2
|w 2023-03-22
|y BK
|